Namaskar Swadhyay (Record no. 1401699)
[ view plain ]
| 000 -LEADER | |
|---|---|
| fixed length control field | 00715nam a2200301Ia 4500 |
| 008 - FIXED-LENGTH DATA ELEMENTS--GENERAL INFORMATION | |
| fixed length control field | 161027s9999||||xx |||||||||||||| ||und|| |
| 040 ## - CATALOGING SOURCE | |
| Transcribing agency | Prakrit |
| 082 ## - DEWEY DECIMAL CLASSIFICATION NUMBER | |
| Classification number | X.B |
| 082 ## - DEWEY DECIMAL CLASSIFICATION NUMBER | |
| Item number | BORI-38389 |
| 100 ## - MAIN ENTRY--PERSONAL NAME | |
| Personal name | Shree Jambuvijayji |
| 245 ## - TITLE STATEMENT | |
| Title | Namaskar Swadhyay |
| 245 ## - TITLE STATEMENT | |
| Remainder of title | Shree Tatvanandvijayji |
| 260 ## - PUBLICATION, DISTRIBUTION, ETC. (IMPRINT) | |
| Place of publication, distribution, etc | Mumbai |
| 260 ## - PUBLICATION, DISTRIBUTION, ETC. (IMPRINT) | |
| Name of publisher, distributor, etc | Jain Sahitya Vikas Mandalam |
| 260 ## - PUBLICATION, DISTRIBUTION, ETC. (IMPRINT) | |
| Date of publication, distribution, etc | 1961 |
| 300 ## - PHYSICAL DESCRIPTION | |
| Extent | 17 +544 |
| 300 ## - PHYSICAL DESCRIPTION | |
| Dimensions | C |
| 300 ## - PHYSICAL DESCRIPTION | |
| Accompanying material | Hardbound |
| 530 ## - ADDITIONAL PHYSICAL FORM AVAILABLE NOTE | |
| Uniform Resource Identifier | <a href="00038022.pdf">00038022.pdf</a> |
| 563 ## - BINDING INFORMATION | |
| Binding note | Text |
| 600 ## - SUBJECT ADDED ENTRY--PERSONAL NAME | |
| Personal name | Shree Jambuvijayji |
| 630 ## - SUBJECT ADDED ENTRY--UNIFORM TITLE | |
| Uniform title | Namaskar Swadhyay |
| 650 ## - SUBJECT ADDED ENTRY--TOPICAL TERM | |
| Topical term or geographic name as entry element | Buddhism & Jainism |
| 650 ## - SUBJECT ADDED ENTRY--TOPICAL TERM | |
| Topical term or geographic name as entry element | Jainism |
| 700 ## - ADDED ENTRY--PERSONAL NAME | |
| Personal name | Shree Jambuvijayji |
| 730 ## - ADDED ENTRY--UNIFORM TITLE | |
| Uniform title | Namaskar Swadhyay |
| 942 ## - ADDED ENTRY ELEMENTS (KOHA) | |
| Koha item type | Book |
| Withdrawn status | Lost status | Damaged status | Not for loan | Home library | Current library | Date acquired | Cost, normal purchase price | Total Checkouts | Full call number | Barcode | Date last seen | Cost, replacement price | Price effective from | Koha item type |
|---|---|---|---|---|---|---|---|---|---|---|---|---|---|---|
| Bhandarkar Oriental Research Institute, Pune | Bhandarkar Oriental Research Institute, Pune | 10/27/2016 | 20.00 | BORI-38389 | BORI-38389 | 10/27/2016 | 20.00 | 10/27/2016 | Book |